[Event "XXIV Open"]
[Site "Cappelle La Grande FRA"]
[Date "2008.02.16"]
[Round "1"]
[White "Brandenburg,L"]
[Black "L'Henoret,T"]
[Result "0-1"]
[WhiteElo "1920"]
[BlackElo "2112"]
[EventDate "2008.02.16"]

1. e4 c5 2. c3 e5 3. d4 cxd4 4. cxd4 exd4 5. Qxd4 Nc6 6. Qa4 Nf6 7. Nc3 Bb4
8. Bd2 O-O 9. a3 Bxc3 10. Bxc3 Nxe4 11. Ne2 d5 12. f3 Nxc3 13. bxc3 Re8 14.
Rd1 Qf6 15. Kf2 Qe5 16. Qf4 Be6 17. Qxe5 Nxe5 18. Nf4 Rad8 19. Bb5 Nc6 20.
Rd2 Re7 21. Re1 Kf8 22. Red1 Red7 23. Nd3 a6 24. Bxc6 bxc6 25. Nc5 Ra7 26.
Nd3 Rb8 27. Nb4 Rb6 28. Rc1 a5 29. Nd3 Bf5 30. Nc5 Rb5 31. Na4 Rb3 32. c4
Rxa3 33. Nc5 Be6 34. cxd5 Bxd5 35. Ne4 a4 36. Nc3 Be6 37. Ne2 Rc7 38. Nd4
Rc8 39. Rxc6 Rxc6 40. Nxc6 Ra2 41. Ke3 Rxd2 42. Kxd2 Bd7 43. Ne5 Ke7 44.
Kc3 Be8 45. Kb4 Ke6 46. Nc4 Kd5 47. Ne3+ Ke5 48. Nc4+ Kd5 49. Ne3+ Ke6 50.
Nc4 g5 51. Ne3 f5 52. Kc4 Ke5 53. Kb4 f4 54. Ng4+ Kd4 55. Nf6 Bg6 56. Kxa4
Ke3 57. Ng4+ Ke2 58. Kb4 Kf1 59. g3 Kg2 60. gxf4 gxf4 61. Ne5 Bh5 62. Kc3
Kxh2 63. Kd3 Kg3 64. Ke4 h6 65. Kf5 Bxf3 66. Nd3 Bg4+ 0-1

[Event "XXIV Open"]
[Site "Cappelle La Grande FRA"]
[Date "2008.02.17"]
[Round "2"]
[White "Gashimov,V"]
[Black "Nalbandian,T"]
[Result "1-0"]
[WhiteElo "2665"]
[BlackElo "2505"]
[EventDate "2008.02.16"]

1. e4 e6 2. d4 d5 3. Nc3 dxe4 4. Nxe4 Nd7 5. Nf3 Ngf6 6. Bg5 h6 7. Bh4 c5
8. Nxf6+ Nxf6 9. Bb5+ Bd7 10. Bxd7+ Qxd7 11. Qe2 cxd4 12. O-O-O Bc5 13.
Nxd4 Bxd4 14. Bxf6 gxf6 15. c3 Rc8 16. Kb1 Qd5 17. Rxd4 Qxg2 18. Rhd1 Rg8
19. Qb5+ Qc6 20. Qd3 f5 21. Qd2 h5 22. Qh6 Qc7 23. Qxh5 Qe7 24. Qh7 Qg5 25.
Rd7 Qg6 26. Qh4 f4+ 27. Ka1 Qg5 28. Qh3 Qb5 29. Qh7 Rf8 30. Rxf7 Rxf7 31.
Qg8+ Ke7 32. Qxc8 e5 33. h4 Qc6 34. Qg8 e4 35. Qd8+ Ke6 36. Rg1 Qd7 37.
Rg6+ Kd5 38. Qa5+ Kc4 39. Qb4+ Kd3 40. Rd6+ Qxd6 41. Qxd6+ Ke2 42. Qd5 Kxf2
43. Qxe4 f3 44. h5 Rf8 45. h6 Kg1 46. h7 f2 47. Qg6+ 1-0

[Event "XXIV Open"]
[Site "Cappelle La Grande FRA"]
[Date "2008.02.17"]
[Round "2"]
[White "Totsky,L"]
[Black "Moiseenko,A1"]
[Result "0-1"]
[WhiteElo "2498"]
[BlackElo "2643"]
[EventDate "2008.02.16"]

1. e4 c5 2. g3 d5 3. d3 Nc6 4. exd5 Qxd5 5. Nf3 Bg4 6. Bg2 Nf6 7. h3 Bh5 8.
Nc3 Qd7 9. Be3 e6 10. Ne4 Nxe4 11. dxe4 O-O-O 12. Qxd7+ Rxd7 13. c3 Be7 14.
g4 Bg6 15. Nd2 Ne5 16. Ke2 Nd3 17. f4 f6 18. b3 Rhd8 19. Rhd1 e5 20. f5 Bf7
21. Rab1 b5 22. Nf3 c4 23. b4 Rd6 24. Rd2 Ra6 25. Rc2 Ra3 26. Rd1 Rd6 27.
Bf1 Nxb4 28. Bc5 Rxd1 29. Bxe7 Nxc2 30. Kxd1 Rxa2 31. Bf8 Ne3+ 32. Ke1 Ra1+
33. Kf2 Nd1+ 0-1

[Event "XXIV Open"]
[Site "Cappelle La Grande FRA"]
[Date "2008.02.17"]
[Round "2"]
[White "Gutman,G"]
[Black "Petrosian,TL"]
[Result "1/2-1/2"]
[WhiteElo "2496"]
[BlackElo "2606"]
[EventDate "2008.02.16"]

1. d4 d5 2. c4 e6 3. Nc3 c5 4. cxd5 exd5 5. Nf3 Nc6 6. g3 Nf6 7. Bg2 Be7 8.
O-O O-O 9. Bg5 cxd4 10. Nxd4 h6 11. Bf4 Bg4 12. h3 Bh5 13. Rc1 Qd7 14. Qa4
Rfd8 15. Rfd1 a6 16. Nxc6 1/2-1/2

[Event "XXIV Open"]
[Site "Cappelle La Grande FRA"]
[Date "2008.02.17"]
[Round "2"]
[White "Malakhatko,V"]
[Black "Zubarev,Al1"]
[Result "1/2-1/2"]
[WhiteElo "2600"]
[BlackElo "2491"]
[EventDate "2008.02.16"]

1. d4 d6 2. Nf3 Nf6 3. c4 g6 4. Nc3 Bf5 5. Qb3 Qc8 6. g3 Bg7 7. Bg2 O-O 8.
O-O Nc6 9. Rd1 a5 10. Bd2 Ne4 11. Nxe4 Bxe4 12. Bc3 a4 13. Qa3 d5 14. cxd5
Bxd5 15. Nh4 Bxg2 16. Nxg2 e5 17. dxe5 Re8 18. f4 Bf8 19. b4 axb3 20. Qxb3
Ra3 21. Qc4 Qe6 22. Qxe6 fxe6 23. Bb2 Ra4 24. Rd7 Bc5+ 25. e3 Re7 26. Rd3
Re8 27. a3 Na5 28. Rb1 b6 29. Ne1 Nc4 30. Nc2 Kf7 31. Kf2 Ke7 32. Ke2 Rea8
33. Bc1 c6 34. g4 b5 35. Bd2 Nxa3 36. Nxa3 Bxa3 37. Rbb3 Ke8 38. h4 Be7 39.
h5 gxh5 40. gxh5 Ra3 41. Rxa3 Rxa3 42. Rxa3 Bxa3 43. Kd3 c5 44. e4 c4+ 45.
Kd4 Kd7 46. f5 Kc6 47. f6 Bc5+ 48. Kc3 Kd7 49. Bh6 Ke8 50. Bd2 Kf7 51. Be1
Bf8 52. Bd2 Ke8 53. Kd4 Kd7 54. Ba5 Ke8 1/2-1/2

[Event "XXIV Open"]
[Site "Cappelle La Grande FRA"]
[Date "2008.02.17"]
[Round "2"]
[White "Vera Gonzalez Quevedo,R"]
[Black "Kryvoruchko,Y"]
[Result "1/2-1/2"]
[WhiteElo "2495"]
[BlackElo "2597"]
[EventDate "2008.02.16"]

1. d4 Nf6 2. Nf3 e6 3. c4 b6 4. g3 Bb7 5. Bg2 Be7 6. O-O O-O 7. Nc3 Ne4 8.
Nxe4 Bxe4 9. Ne1 Bxg2 10. Nxg2 d5 11. Qa4 Qd7 12. Qxd7 Nxd7 13. cxd5 exd5
14. Bf4 Bf6 15. Rac1 Bxd4 16. Rxc7 Nc5 17. b3 Rfe8 18. Rd1 Bf6 19. Kf1 d4
20. Ne1 Ne4 21. Nf3 Nc3 22. Rd2 h6 23. h4 Nd5 24. Rd7 Nxf4 25. gxf4 Re4 26.
f5 Rc8 27. Nxd4 Rxh4 28. Nb5 h5 29. Nd6 Rc1+ 30. Kg2 Be5 31. Rd8+ Kh7 32.
Nxf7 Rg4+ 33. Kf3 Rf4+ 34. Kg2 Rg4+ 35. Kf3 Rf4+ 36. Kg2 Rg4+ 1/2-1/2

[Event "XXIV Open"]
[Site "Cappelle La Grande FRA"]
[Date "2008.02.17"]
[Round "2"]
[White "Brodsky,M"]
[Black "Danielian,E"]
[Result "1-0"]
[WhiteElo "2572"]
[BlackElo "2480"]
[EventDate "2008.02.16"]

1. d4 d5 2. c4 dxc4 3. e3 Nf6 4. Bxc4 e6 5. Nf3 c5 6. O-O a6 7. dxc5 Qxd1
8. Rxd1 Bxc5 9. Be2 b6 10. Nbd2 Bb7 11. Nc4 Nbd7 12. Ne1 O-O 13. f3 Rfd8
14. Kf1 Bd5 15. Bd2 Rac8 16. e4 Bxc4 17. Bxc4 b5 18. Be2 Ne5 19. Rac1 Bb6
20. Rxc8 Rxc8 21. Bc3 Nc6 22. a4 e5 23. axb5 axb5 24. Nc2 h6 25. Bxb5 Nd4
26. Nxd4 exd4 27. Bd2 Rc2 28. b4 Rb2 29. Ke2 Bc7 30. Kd3 Bxh2 31. Kxd4 Nh5
32. g4 Nf6 33. Bc3 Rg2 34. Rd2 Bg1+ 35. Kc4 Rg3 36. Rd8+ Kh7 37. e5 Nxg4
38. fxg4 Rxg4+ 39. Kb3 1-0

[Event "XXIV Open"]
[Site "Cappelle La Grande FRA"]
[Date "2008.02.17"]
[Round "2"]
[White "Vovk,Y"]
[Black "Naumkin,I"]
[Result "1-0"]
[WhiteElo "2561"]
[BlackElo "2475"]
[EventDate "2008.02.16"]

1. e4 e6 2. d4 d5 3. Nc3 Nf6 4. Bg5 Be7 5. e5 Nfd7 6. h4 a6 7. Qg4 Bxg5 8.
hxg5 c5 9. dxc5 Nxe5 10. Qg3 Nbc6 11. O-O-O Qa5 12. f4 Nd7 13. g6 Nf6 14.
gxf7+ Kxf7 15. Nf3 Qxc5 16. Ne5+ Kg8 17. Bd3 Ne7 18. Rh6 Kf8 19. Qg5 Nfg8
20. Rxh7 Rxh7 21. Bxh7 Nf6 22. Bd3 b5 23. Rh1 Ra7 24. Rh8+ Neg8 25. Bh7
Qe3+ 26. Kd1 Qb6 27. Bxg8 Nxg8 28. Ne2 d4 29. Qg6 d3 30. cxd3 1-0

[Event "XXIV Open"]
[Site "Cappelle La Grande FRA"]
[Date "2008.02.17"]
[Round "2"]
[White "Szelag,M"]
[Black "Timoshenko,G"]
[Result "0-1"]
[WhiteElo "2484"]
[BlackElo "2560"]
[EventDate "2008.02.16"]

1. e4 c5 2. Nf3 Nc6 3. d4 cxd4 4. Nxd4 Nf6 5. Nc3 e5 6. Ndb5 d6 7. Bg5 a6
8. Na3 b5 9. Bxf6 gxf6 10. Nd5 f5 11. c3 Bg7 12. Bd3 Be6 13. Qh5 O-O 14.
O-O f4 15. Nc2 Kh8 16. Rfd1 Rg8 17. a4 bxa4 18. Rxa4 Bf8 19. h3 Rg5 20. Qf3
Bxd5 21. exd5 Ne7 22. Nb4 f5 23. Nc6 Qd7 24. Nxe7 Bxe7 25. Rxa6 Rag8 26.
Bf1 Bf6 27. Rda1 e4 28. Qxf4 Qg7 29. g3 Be5 30. Qh4 e3 31. Ra7 Qg6 32. Kh1
exf2 33. g4 fxg4 34. Ra8 gxh3 35. Rxg8+ Qxg8 36. Qxf2 Qxd5+ 0-1

[Event "XXIV Open"]
[Site "Cappelle La Grande FRA"]
[Date "2008.02.17"]
[Round "2"]
[White "Savchenko,S"]
[Black "Vavrak,P"]
[Result "1/2-1/2"]
[WhiteElo "2558"]
[BlackElo "2472"]
[EventDate "2008.02.16"]

1. d4 d5 2. c4 c6 3. Nf3 Nf6 4. e3 Bg4 5. h3 Bxf3 6. Qxf3 e6 7. Nc3 Nbd7 8.
Bd2 Bb4 9. Bd3 O-O 10. O-O Re8 11. a3 Ba5 12. b4 Bc7 13. cxd5 cxd5 14. Rfe1
e5 15. Rf1 1/2-1/2

[Event "XXIV Open"]
[Site "Cappelle La Grande FRA"]
[Date "2008.02.17"]
[Round "2"]
[White "Hasangatin,R"]
[Black "Gharamian,T"]
[Result "1/2-1/2"]
[WhiteElo "2481"]
[BlackElo "2558"]
[EventDate "2008.02.16"]

1. Nf3 c5 2. c4 Nf6 3. g3 b6 4. Bg2 Bb7 5. O-O e6 6. b3 Be7 7. Bb2 O-O 8.
e3 d6 9. Qe2 a6 10. Nc3 Nbd7 11. d3 Re8 12. Ne1 Qb8 13. g4 g6 14. f4 Ra7
15. a4 Bf8 16. e4 Bg7 17. Nc2 Bc6 18. b4 cxb4 19. Nxb4 Ba8 20. Rab1 Qc8 21.
Kh1 h6 22. h3 Rc7 23. Qd2 1/2-1/2

[Event "XXIV Open"]
[Site "Cappelle La Grande FRA"]
[Date "2008.02.17"]
[Round "2"]
[White "Deviatkin,A"]
[Black "Simutowe,A"]
[Result "1-0"]
[WhiteElo "2543"]
[BlackElo "2457"]
[EventDate "2008.02.16"]

1. e4 c6 2. d3 d5 3. Nd2 e5 4. Ngf3 Bd6 5. d4 exd4 6. exd5 cxd5 7. Nxd4 Nc6
8. N2f3 Nf6 9. Be2 Ne4 10. O-O O-O 11. Be3 Bg4 12. c3 Qd7 13. Re1 Rfe8 14.
Nd2 Bxe2 15. Rxe2 Ne5 16. Nf1 Nc4 17. f3 Nc5 18. Bf2 a6 19. Qc2 Rxe2 20.
Nxe2 Ne6 21. Rd1 Qc6 22. b3 Nb6 23. Qd2 Bc5 24. Nd4 Nxd4 25. Bxd4 Bxd4+ 26.
Qxd4 Rc8 27. Ne3 Kf8 28. a4 Qc5 29. Qxc5+ Rxc5 30. Rd3 a5 31. Kf2 g6 32. g4
h6 33. h4 Kg7 34. Ke2 Kf8 35. Kd2 Ke8 36. Rd4 Rc6 37. Nxd5 Nxd5 38. Rxd5 b6
39. b4 axb4 40. cxb4 Ke7 41. Rd4 Ke6 42. Kd3 Ke5 43. f4+ Ke6 44. Rc4 Rd6+
45. Kc3 h5 46. Re4+ Kf6 47. gxh5 gxh5 48. Re5 Kg6 49. Rg5+ Kh6 50. Rb5 Rf6
51. f5 Rd6 52. Kc4 Kg7 53. Rd5 Rc6+ 54. Kb5 Rc1 55. Kxb6 Rc4 56. Rb5 Rxh4
57. a5 Re4 58. a6 h4 59. a7 Re8 60. Ra5 1-0

[Event "XXIV Open"]
[Site "Cappelle La Grande FRA"]
[Date "2008.02.17"]
[Round "2"]
[White "Salgado Lopez,I"]
[Black "Sumets,A"]
[Result "1-0"]
[WhiteElo "2459"]
[BlackElo "2541"]
[EventDate "2008.02.16"]

1. e4 e6 2. d4 d5 3. Nd2 dxe4 4. Nxe4 Nd7 5. Bd3 Ngf6 6. Qe2 c5 7. Nxf6+
Nxf6 8. dxc5 Bxc5 9. Bg5 Qa5+ 10. Bd2 Bb4 11. c3 Be7 12. Nf3 O-O 13. O-O b6
14. Bb5 a6 15. Bc6 Ra7 16. Nd4 Bd6 17. Nb3 Qe5 18. Qxe5 Bxe5 19. Be3 Rc7
20. Bf3 Nd7 21. Rfd1 Bb7 22. Be2 Ra8 23. Rd2 Kf8 24. Rad1 Ke8 25. c4 Rac8
26. f3 Bf6 27. Nd4 Be7 28. b3 Bb4 29. Rb2 g6 30. Bf2 Be7 31. h4 e5 32. Nc2
f5 33. g4 fxg4 34. fxg4 Nc5 35. g5 Rd8 36. Rxd8+ Bxd8 37. Nb4 Rd7 38. Bg4
Rd6 39. Re2 e4 40. Nd5 Bxd5 41. cxd5 Rxd5 42. b4 Nd3 43. Rxe4+ Re5 44.
Rxe5+ Nxe5 45. Be2 b5 46. Bc5 Be7 47. Bxe7 Kxe7 48. Kf2 Nc6 49. a3 Nd4 50.
Bd3 Ke6 51. h5 gxh5 52. Bxh7 Nc6 53. Kg3 Ne5 54. Kh4 Kf7 55. Kxh5 Kg7 56.
Be4 Nc4 57. Kg4 Nxa3 58. Bd3 Nc4 59. Kf4 Nd6 60. Ke5 Nf7+ 61. Kf5 Nd6+ 62.
Ke5 Nf7+ 63. Kf4 Nd8 64. Be4 Ne6+ 65. Kf5 Nd4+ 66. Ke5 Ne2 67. Kd6 Nc3 68.
Bc2 Na2 69. Kc5 Nc3 70. Kb6 Nd5+ 71. Ka5 Nc7 72. Be4 Ne6 73. g6 Ng5 74. Bd3
Nf3 75. Kxa6 Nd4 76. Kb6 Kf6 77. Kc5 Ke5 78. Bb1 1-0

[Event "XXIV Open"]
[Site "Cappelle La Grande FRA"]
[Date "2008.02.17"]
[Round "2"]
[White "Aveskulov,V"]
[Black "Olszewski,Mi"]
[Result "1/2-1/2"]
[WhiteElo "2532"]
[BlackElo "2430"]
[EventDate "2008.02.16"]

1. e4 e5 2. Nf3 Nc6 3. Bb5 a6 4. Ba4 Nf6 5. O-O Be7 6. Re1 b5 7. Bb3 O-O 8.
a4 Bb7 9. d3 d6 10. Nbd2 Nd7 11. c3 Na5 12. Bc2 c5 13. Nf1 Bf6 14. Bd2 Nc6
15. b4 cxb4 16. cxb4 d5 17. Bb3 dxe4 18. dxe4 Nd4 19. a5 Nxb3 20. Qxb3 Rc8
21. Ng3 g6 22. Bh6 Bg7 23. Bg5 Bf6 24. Bh6 Bg7 25. Bg5 Bf6 26. h4 Qe7 27.
Rac1 Bxg5 28. hxg5 Nb8 29. Qb2 Nc6 30. Rc5 Nxb4 31. Rxc8 Rxc8 32. Nxe5 Qxg5
33. Nxf7 Kxf7 34. Qxb4 Qc5 35. Qd2 Kg8 36. Kh2 Qc3 37. Qa2+ Qc4 38. Qd2 Qc3
39. Qa2+ Qc4 40. Qb2 Qc3 41. Qa2+ 1/2-1/2

[Event "XXIV Open"]
[Site "Cappelle La Grande FRA"]
[Date "2008.02.17"]
[Round "2"]
[White "Czarnota,P"]
[Black "Nabaty,T"]
[Result "1-0"]
[WhiteElo "2530"]
[BlackElo "2417"]
[EventDate "2008.02.16"]

1. Nf3 Nf6 2. c4 c5 3. Nc3 Nc6 4. g3 d5 5. d4 e6 6. cxd5 Nxd5 7. Bg2 Ndb4
8. dxc5 Qxd1+ 9. Kxd1 Bxc5 10. a3 Nd5 11. Nxd5 exd5 12. Rf1 Bf5 13. b4 Bb6
14. Bb2 f6 15. Rc1 Be4 16. Nh4 Rd8 17. Bh3 Kf7 18. Nf5 d4 19. b5 Ne5 20. f4
Ng6 21. a4 Rd5 22. a5 Bxf5 23. Bxf5 Rxf5 24. axb6 Rxb5 25. Rc7+ Ne7 26. Ba3
Rb1+ 27. Kd2 Rxf1 28. Rxe7+ Kg6 29. bxa7 b6 30. Bb2 d3 31. Kxd3 Rd1+ 32.
Ke3 Rb1 33. Bd4 Rb3+ 34. Kf2 Rb4 35. Be3 Ra8 36. Rb7 Rb3 37. g4 h6 38. h4
b5 39. h5+ Kh7 40. Bc5 Rc3 41. Rb8 Rxc5 42. Rxa8 1-0

[Event "XXIV Open"]
[Site "Cappelle La Grande FRA"]
[Date "2008.02.17"]
[Round "2"]
[White "Luther,T"]
[Black "Grandelius,N"]
[Result "1-0"]
[WhiteElo "2526"]
[BlackElo "2371"]
[EventDate "2008.02.16"]

1. d4 Nf6 2. c4 e6 3. Nc3 Bb4 4. e3 c5 5. Nf3 d5 6. a3 Bxc3+ 7. bxc3 O-O 8.
Bd3 Qc7 9. Qc2 dxc4 10. Bxc4 b6 11. Bd3 Ba6 12. Bxa6 Nxa6 13. Qd3 cxd4 14.
cxd4 Rac8 15. Bd2 Qc4 16. Qxc4 Rxc4 17. Ke2 Rfc8 18. Rhc1 Kf8 19. Ne5 R4c7
20. Kd3 Ke8 21. Rxc7 Rxc7 22. e4 Nb8 23. Rc1 Rxc1 24. Bxc1 b5 25. Bf4 Nh5
26. Be3 a6 27. d5 exd5 28. exd5 Nf6 29. Kd4 Nbd7 30. Nxd7 Kxd7 31. Kc5 g6
32. f3 Ng8 33. Bd2 Ne7 34. g4 h5 35. Bf4 Nc8 36. Be5 Ne7 37. h3 Nc8 38. Bf4
Ne7 39. Bg3 Nc8 40. Bh2 Ne7 41. Bg3 Nc8 42. Bf4 Ne7 43. Bd2 f5 44. gxh5
gxh5 45. Bb4 Ng6 46. Kd4 Nf4 47. Ke5 Nxh3 48. Kxf5 Ng1 49. Kf4 a5 50. Bxa5
Kd6 51. Ke4 h4 52. Be1 Ne2 53. Bxh4 Nc3+ 54. Kd4 Nxd5 55. Be1 Kc6 56. Bb4
Nf4 57. Ke4 Ne6 58. Ke5 Kd7 59. Bd2 Ke7 60. Be3 Kd7 61. Kd5 Nc7+ 62. Kc5
Ke6 63. Bc1 Ke5 64. Kc6 Ne6 65. f4+ Ke4 66. Kxb5 Kd5 67. a4 Kd6 68. Kb6 Kd7
69. f5 Nc7 70. Kb7 Ne8 71. Bf4 Ng7 72. a5 1-0

[Event "XXIV Open"]
[Site "Cappelle La Grande FRA"]
[Date "2008.02.17"]
[Round "2"]
[White "Rojas,L"]
[Black "Zinchenko,Ya"]
[Result "1/2-1/2"]
[WhiteElo "2414"]
[BlackElo "2516"]
[EventDate "2008.02.16"]

1. e4 c5 2. Nf3 Nc6 3. d4 cxd4 4. Nxd4 Nf6 5. Nc3 d6 6. Bc4 Qb6 7. Nb3 e6
8. O-O Be7 9. Be3 Qc7 10. f4 a6 11. Bd3 b5 12. Qf3 h5 13. h3 Bb7 14. a3 h4
15. Qf2 Nd7 16. Rad1 b4 17. axb4 Nxb4 18. Nd4 Bf6 19. f5 e5 20. Nf3 Rc8 21.
Rd2 Nc5 22. Rfd1 Be7 23. Bg5 Bxg5 24. Nxg5 Nbxd3 25. cxd3 Nb3 26. Re2 Qc5
27. Re3 Nd4 28. Rc1 Nb3 29. Rce1 1/2-1/2

[Event "XXIV Open"]
[Site "Cappelle La Grande FRA"]
[Date "2008.02.17"]
[Round "2"]
[White "Kravtsiv,M"]
[Black "Pacheco,Dan"]
[Result "1-0"]
[WhiteElo "2516"]
[BlackElo "2318"]
[EventDate "2008.02.16"]

1. e4 e6 2. d4 d5 3. Nc3 Nf6 4. e5 Nfd7 5. f4 c5 6. Nf3 Nc6 7. Be3 a6 8.
Qd2 b5 9. dxc5 Bxc5 10. Bxc5 Nxc5 11. Qf2 Ne4 12. Nxe4 dxe4 13. Nd2 Qd4 14.
Qxd4 Nxd4 15. O-O-O e3 16. Nf3 Nxf3 17. gxf3 Bb7 18. Be2 Ke7 19. Rd3 Rad8
20. Rhd1 Rxd3 21. Rxd3 Rc8 22. Rxe3 f6 23. Kd2 Rf8 24. Rc3 Kd7 25. Rd3+ Kc7
26. Rd6 Bc8 27. Rd4 fxe5 28. fxe5 g5 29. h4 h6 30. hxg5 hxg5 31. Bd3 Rxf3
32. Rg4 Rf2+ 33. Kc3 Bb7 34. Rxg5 Kb6 35. Rg6 Kc5 36. b4+ Kd5 37. Rg7 Bc6
38. Ra7 Kxe5 39. Rxa6 Kd5 40. a4 Rf3 41. axb5 Be8 42. Kd2 Rf2+ 43. Ke3 Rh2
44. c4+ Ke5 45. Ra8 Bh5 46. Rh8 Rh3+ 47. Kd2 Kd4 48. Be2 1-0

[Event "XXIV Open"]
[Site "Cappelle La Grande FRA"]
[Date "2008.02.17"]
[Round "2"]
[White "Tuncer,U"]
[Black "Kosten,A"]
[Result "1/2-1/2"]
[WhiteElo "2301"]
[BlackElo "2511"]
[EventDate "2008.02.16"]

1. e4 e5 2. Nf3 Nc6 3. Bb5 a6 4. Ba4 Nf6 5. O-O Be7 6. Re1 b5 7. Bb3 d6 8.
c3 O-O 9. h3 Na5 10. Bc2 d5 11. exd5 e4 12. Bxe4 Nxe4 13. Rxe4 Bb7 14. d4
Re8 15. Nbd2 Qxd5 16. Re5 Qd7 17. a4 Bd6 18. Rxe8+ Rxe8 19. b3 Nc6 20. axb5
axb5 21. Bb2 Bf4 22. c4 Nb4 23. Ra7 Qc8 24. Bc3 Nc6 25. Ra2 Ne7 26. Nf1
bxc4 27. bxc4 Be4 28. d5 Ng6 29. Re2 Bf5 30. Nd4 Bd7 31. Rxe8+ Qxe8 32. Qe2
Be5 33. Qb2 Nf4 34. Ne3 f6 35. Kf1 Bxd4 36. Bxd4 Bxh3 37. gxh3 Qe4 38. Kg1
Nxh3+ 39. Kh2 Ng5 40. Bxf6 Qf4+ 41. Kg1 gxf6 42. Qb8+ 1/2-1/2

[Event "XXIV Open"]
[Site "Cappelle La Grande FRA"]
[Date "2008.02.17"]
[Round "2"]
[White "Vitiugov,N"]
[Black "Petkevich,J"]
[Result "1-0"]
[WhiteElo "2609"]
[BlackElo "2434"]
[EventDate "2008.02.16"]

1. e4 c5 2. Nf3 d6 3. d4 cxd4 4. Nxd4 Nf6 5. Nc3 a6 6. Be3 e5 7. Nb3 Be6 8.
f4 Qc7 9. Qd2 Nbd7 10. O-O-O Be7 11. Kb1 O-O 12. h3 b5 13. g4 exf4 14. Bxf4
Ne5 15. Nd5 Bxd5 16. exd5 Nc4 17. Qg2 Nd7 18. g5 Nde5 19. Bd3 Rfe8 20. h4
Bf8 21. h5 Nxd3 22. Rxd3 Qe7 23. g6 Qe4 24. gxf7+ Kxf7 25. Qxe4 Rxe4 26.
Rf1 Kg8 27. Nd4 Be7 28. Ne6 Bf6 29. Bc1 h6 30. b3 Ne5 31. Rg3 Kh7 32. Rfg1
Rg8 33. Bf4 b4 34. Re3 Rxe3 35. Bxe3 Rc8 36. Rf1 Nd7 37. Kc1 a5 38. Bd4 Ne5
39. Kd2 1-0

[Event "XXIV Open"]
[Site "Cappelle La Grande FRA"]
[Date "2008.02.17"]
[Round "2"]
[White "Kazhgaleyev,M"]
[Black "Larino Nieto,D"]
[Result "1-0"]
[WhiteElo "2594"]
[BlackElo "2439"]
[EventDate "2008.02.16"]

1. d4 e6 2. c4 c5 3. d5 exd5 4. cxd5 d6 5. e4 g6 6. Nc3 Bg7 7. Bd3 Nf6 8.
Nge2 a6 9. a4 O-O 10. O-O Re8 11. h3 Nbd7 12. f4 c4 13. Bc2 Nc5 14. Ng3 Rb8
15. Be3 Nfxe4 16. Ncxe4 Nxe4 17. Bxe4 f5 18. Bd4 fxe4 19. Bxg7 Kxg7 20.
Qd4+ Qf6 21. Qxc4 Bf5 22. Rf2 Rbc8 23. Qb4 Rc5 24. Re1 a5 25. Qxb7+ Re7 26.
Qb3 Qd4 27. Rd1 Qc4 28. Qe3 Rb7 29. Rd4 Qc1+ 30. Nf1 h5 31. Kh2 h4 32. Rdd2
Rb4 33. g4 hxg3+ 34. Nxg3 Kf8 35. Nxf5 gxf5 36. Qg3 e3 37. Rg2 Qxd2 38.
Qg8+ Ke7 39. Qe6+ Kd8 40. Qxd6+ Ke8 41. Qxc5 Rxb2 42. Qc8+ Kf7 43. Qxf5+
Ke8 44. Qe5+ Kd8 45. Qxb2 1-0

[Event "XXIV Open"]
[Site "Cappelle La Grande FRA"]
[Date "2008.02.17"]
[Round "2"]
[White "Khurtsidze,N"]
[Black "Sokolov,And1"]
[Result "1/2-1/2"]
[WhiteElo "2441"]
[BlackElo "2594"]
[EventDate "2008.02.16"]

1. d4 Nf6 2. c4 e6 3. Nf3 b6 4. g3 Ba6 5. b3 Bb4+ 6. Bd2 Be7 7. Bg2 c6 8.
O-O O-O 9. Bc3 d5 10. Ne5 Nfd7 11. Nxd7 Nxd7 12. Nd2 f5 13. Bb2 Bd6 14. Rc1
Bb7 15. Nf3 Qe7 16. Ne5 Nxe5 17. dxe5 Bc5 18. e3 a5 19. Qc2 a4 20. Rfd1
axb3 1/2-1/2

[Event "XXIV Open"]
[Site "Cappelle La Grande FRA"]
[Date "2008.02.17"]
[Round "2"]
[White "Erdos,V"]
[Black "Van Oosterom,C"]
[Result "1/2-1/2"]
[WhiteElo "2575"]
[BlackElo "2408"]
[EventDate "2008.02.16"]

1. d4 d5 2. c4 c6 3. Nf3 e6 4. Bg5 Be7 5. Bxe7 Qxe7 6. e3 Nf6 7. Nbd2 O-O
8. Rc1 Nbd7 9. cxd5 exd5 10. Qc2 Re8 11. Bd3 Ne4 12. O-O Ndf6 13. Nb3 Ng4
14. h3 Nh6 15. Rfe1 Bf5 16. Ne5 Qg5 17. f4 Qg3 18. Bxe4 Bxe4 19. Qf2 Qxf2+
20. Kxf2 Nf5 21. Nc5 1/2-1/2

[Event "XXIV Open"]
[Site "Cappelle La Grande FRA"]
[Date "2008.02.17"]
[Round "2"]
[White "Bogner,S"]
[Black "Savchenko,B"]
[Result "0-1"]
[WhiteElo "2401"]
[BlackElo "2589"]
[EventDate "2008.02.16"]

1. Nf3 d5 2. d4 Nf6 3. c4 c6 4. cxd5 cxd5 5. Nc3 Nc6 6. Bf4 a6 7. Rc1 Nh5
8. Be3 e6 9. Ne5 Bd7 10. g3 Bd6 11. f4 O-O 12. Bh3 Nf6 13. O-O Rc8 14. Kh1
Bb4 15. Na4 Nxe5 16. Rxc8 Bxc8 17. dxe5 Ne4 18. Bg2 Bd7 19. Bxe4 dxe4 20.
Nc5 Bc6 21. Qxd8 Rxd8 22. Rc1 Bd2 23. Rd1 Rd5 24. Bxd2 e3 25. Kg1 Rxd2 26.
Re1 Rxb2 27. Kf1 Rxa2 28. Rb1 h5 0-1

[Event "XXIV Open"]
[Site "Cappelle La Grande FRA"]
[Date "2008.02.17"]
[Round "2"]
[White "David,Alb"]
[Black "Shirazi,K"]
[Result "1-0"]
[WhiteElo "2557"]
[BlackElo "2422"]
[EventDate "2008.02.16"]

1. e4 e5 2. Nf3 Nc6 3. Bc4 Nf6 4. d3 Be7 5. O-O d6 6. c3 O-O 7. Re1 Bg4 8.
h3 Bh5 9. Nbd2 a6 10. Bb3 d5 11. Qe2 dxe4 12. dxe4 Nd7 13. Nf1 Nc5 14. Bd5
Bd6 15. Ng3 Bg6 16. Be3 Ne6 17. Nf5 Nf4 18. Bxf4 exf4 19. Nxd6 cxd6 20.
Rad1 Bh5 21. Bxc6 bxc6 22. e5 d5 23. c4 Qa5 24. cxd5 cxd5 25. e6 fxe6 26.
Qxe6+ Bf7 27. Qe5 Qxa2 28. Ng5 Rae8 29. Qxf4 Qc4 30. Qd6 Rd8 31. Qg3 d4 32.
Re7 Qb3 33. Rd3 Qb4 34. Ne6 Qe1+ 35. Kh2 Qxe6 36. Rxe6 Bxe6 37. Qe5 Bc4 38.
Rxd4 Rde8 39. Qg3 Bb5 40. Rf4 Re2 41. Qb3+ 1-0

[Event "XXIV Open"]
[Site "Cappelle La Grande FRA"]
[Date "2008.02.17"]
[Round "2"]
[White "Cyborowski,L"]
[Black "Mogranzini,R"]
[Result "1-0"]
[WhiteElo "2543"]
[BlackElo "2401"]
[EventDate "2008.02.16"]

1. e4 c5 2. Nf3 e6 3. d3 Nc6 4. g3 g6 5. d4 cxd4 6. Nxd4 Bg7 7. Be3 d5 8.
Nc3 Nge7 9. Bg2 Nxd4 10. Bxd4 e5 11. Bc5 d4 12. Bxe7 Qxe7 13. Nd5 Qd6 14.
c3 O-O 15. cxd4 exd4 16. Qb3 Qa6 17. Qb4 Rb8 18. Bf1 Qe6 19. Bd3 b6 20.
Ne7+ Kh8 21. Nxc8 Rbxc8 22. O-O Rc5 23. Qd2 Rd8 24. f4 f5 25. Rfe1 fxe4 26.
Rxe4 Qc6 27. Rae1 Qc8 28. Qe2 Bf6 29. Re6 Rc6 30. Re4 Rc5 31. Kg2 Qb7 32.
Qf3 Qc7 33. R1e2 Kg7 34. Re6 Rd6 35. R6e4 Rd7 36. h4 Re7 37. Rxe7+ Bxe7 38.
Qe4 Bf6 39. Kf3 Qc6 40. Qxc6 Rxc6 41. g4 Rc7 42. g5 Bd8 43. Re4 Be7 44. h5
gxh5 45. Re6 Bb4 46. Rh6 Kg8 47. Rxh5 Re7 48. Kg4 Bd2 49. Rh2 Bc1 50. Rc2
Be3 51. Rc8+ Kg7 52. Bc4 1-0

[Event "XXIV Open"]
[Site "Cappelle La Grande FRA"]
[Date "2008.02.17"]
[Round "2"]
[White "Krivonosov,O"]
[Black "Dervishi,E"]
[Result "0-1"]
[WhiteElo "2418"]
[BlackElo "2543"]
[EventDate "2008.02.16"]

1. Nf3 Nf6 2. c4 e6 3. g3 b6 4. Bg2 Bb7 5. O-O Be7 6. Nc3 O-O 7. d4 Ne4 8.
Nxe4 Bxe4 9. Nh4 Bxg2 10. Nxg2 d6 11. b3 a5 12. Bb2 Bf6 13. Rb1 Nd7 14. e4
g6 15. Ne3 Bg7 16. Qc2 Qe7 17. Rfe1 h5 18. Rbd1 Rae8 19. f4 Qd8 20. Qg2 Qc8
21. e5 dxe5 22. dxe5 Rd8 23. Nc2 Nb8 24. Qf3 Rxd1 25. Rxd1 Rd8 26. Kf2 Bf8
27. Rxd8 Qxd8 28. Ke2 Na6 29. Ne1 a4 30. Nd3 axb3 31. axb3 Nc5 32. Nxc5
Bxc5 33. Bc3 Bf8 34. Qb7 Kg7 35. b4 Qd7 36. Qa8 Be7 37. h4 Bf8 38. Be1 Qd4
39. Qc6 Qb2+ 40. Kf3 Qb3+ 41. Ke2 Qc2+ 42. Ke3 Qd1 43. Kf2 Qd4+ 44. Ke2
Qb2+ 45. Kf3 Bxb4 46. Bxb4 Qxb4 47. Qxc7 Qc3+ 48. Kf2 b5 49. c5 b4 50. c6
b3 51. Qb8 Qc2+ 52. Ke3 b2 53. c7 b1=Q 54. Qxb1 Qxb1 55. c8=Q Qg1+ 56. Kf3
Qf1+ 57. Ke3 Qg2 58. Qd8 Qxg3+ 59. Ke4 Qf2 60. Qf6+ Kg8 61. Qd8+ Kh7 62.
Qf6 Qe2+ 63. Kd4 Qd2+ 64. Ke4 Qc2+ 65. Ke3 Qc7 66. Kd4 Kg8 67. Ke3 Kf8 68.
Qh8+ Ke7 69. Qf6+ Ke8 70. Qh8+ Kd7 71. Qf8 Kc6 72. Qa8+ Kb5 73. Qe8+ Kb4
74. Kd4 Qc4+ 75. Ke3 Qc1+ 76. Ke4 Qe1+ 77. Kf3 Qf1+ 78. Ke3 Qg1+ 79. Ke4
Qg2+ 80. Kd4 Qf2+ 81. Ke4 Qe2+ 82. Kd4 Qd1+ 83. Ke3 Qb3+ 84. Ke4 Qc3 0-1